| 000 | 00556nam a22001577a 4500 | ||
|---|---|---|---|
| 005 | 20120211133131.0 | ||
| 020 |
_a812031770X _c595.00 |
||
| 035 | _aB-41543 | ||
| 037 |
_aDPL _bENG |
||
| 100 |
_aSphar, Chuck _941621 |
||
| 245 |
_aLearn Microsoft visual C++ 6.0 now / _cby Chuck Sphar |
||
| 260 |
_aNew Delhi _bPrentice-Hall of India _c1999 |
||
| 300 |
_axxxii, 637p. _c24 cms. |
||
| 942 |
_2ddc _cEN _h005.713 _mSPH |
||
| 999 |
_c62565 _d62565 |
||